[Event "7th Gashimov Memorial-Blitz 2021"]
[Site "Baku"]
[Date "2021.12.23"]
[Round "10"]
[White "Mamedov, Rauf"]
[Black "Asadli, Vugar"]
[Result "1-0"]
[WhiteElo "2656"]
[BlackElo "2579"]
[Annotator "TA"]
[PlyCount "135"]
[EventDate "2021.12.17"]
[EventType "tourn"]
[EventCountry "AZE"]
[SourceTitle "playchess.com"]
[Source "ChessBase"]
[SourceQuality "1"]

{[%evp 15,135,-12,0,-22,-12,-14,-17,-33,-20,-22,-14,-20,0,-22,0,0,0,0,7,0,0,0,
0,0,66,50,93,85,82,93,93,95,78,83,89,87,116,96,96,96,141,146,151,19,22,0,160,
139,145,144,137,96,170,145,148,143,123,79,77,19,108,108,152,151,211,200,207,
183,170,116,187,96,78,92,210,199,401,203,398,391,601,577,663,688,793,779,1126,
1111,650,540,1087,1430,5185,3792,2427,1857,5539,5057,6544,482,1268,1120,6412,
5547,5097,2266,4596,2157,1139,164,6111,6103,6103,6079,29967,29968,29966,29967,
29964,29962,29979,29980]} 1. g3 g6 2. Bg2 Bg7 3. d3 d5 4. Nd2 e5 5. e4 Ne7 6.
exd5 Nxd5 7. Ngf3 O-O 8. O-O Nc6 9. a3 $5 {[%mdl 4] An interesting side line.
A07: Réti Opening: New York and Capablanca Systems.} a5 10. Re1 h6 11. Rb1 {
The position is equal.} a4 12. Ne4 {[%cal Bd2e4,Be4c3,Bc3a4][%mdl 32]} Re8 {[#]
} 13. c4 $146 ({Predecessor:} 13. Bd2 f5 14. Nc3 Be6 15. Nb5 Bf7 16. c4 Nb6 17.
Bc3 Re7 18. Qc2 Qe8 19. Nd2 {0-1 (67) Valles Moreno,I (2398)-Svane,R (2625)
Ciudad Real 2021}) 13... Nb6 14. Be3 Bf5 {[%cal Ob6c4]} 15. Nh4 Bc8 16. Nc3 g5
17. Nf3 Bf5 18. Bxb6 cxb6 19. Re3 Bf8 (19... Re7 $11) 20. Nxa4 $14 e4 (20...
Kg7 $14 {was preferrable.}) 21. dxe4 $16 Qxd1+ 22. Rxd1 Rxa4 23. exf5 {[%mdl
64] Discovered Attack} Rxe3 24. fxe3 Rxc4 25. Kf2 Kg7 26. Bf1 Rc2+ 27. Rd2 Rc1
({Black should play} 27... Rxd2+ 28. Nxd2 Kf6) 28. g4 Kf6 29. Rd7 (29. h3 $16)
29... Rc2+ $11 30. Rd2 (30. Ke1 $11) 30... Rc1 $1 $16 31. Bb5 Ne5 32. Nxe5 Kxe5
{[%mdl 4096] Endgame KRB-KRB} 33. b4 (33. Be2 $142) 33... Bd6 (33... Rc3 $16)
34. Be8 Rc7 35. Kf3 Bf8 36. Ba4 {White is more active.} (36. Rd8 $142) 36...
Rc3 37. Rd8 (37. Ra2 $16) 37... Bd6 (37... Be7 $1 $11 {keeps the balance.} 38.
Rd7 Bd6) 38. Be8 $1 Rc7 (38... Rxa3 $142 39. Bxf7 Bxb4 40. Re8+ Kf6) 39. h3 Be7
(39... Kd5 $16 40. Ke2 Ke5) 40. Rd3 $18 Bf8 41. Ba4 Kf6 42. Bb3 (42. e4 $18)
42... Be7 (42... Ke7 $16 {was called for.} 43. Bd5 Bg7) 43. Ba2 ({Better is} 
43. e4 $18) 43... Rc2 $16 {[#]} 44. Bd5 Rc7 (44... Rh2 $16) 45. Be4 $18 Ke5 $2
(45... Rc1 46. Bxb7 Rh1) 46. Rd5+ Kf6 47. Rb5 Rc3 (47... Bd6 $142 48. Rxb6 Ke7)
48. Rxb6+ Ke5 49. Rxb7 Kf6 50. a4 {[%cal Ba3a4,Ba4a5,Ba5a6][%mdl 32] aiming
for a5.} Rb3 51. a5 {Strongly threatening a6.} Rxb4 52. Rxb4 Bxb4 {KB-KB} 53.
a6 {Intending a7 and mate.} Bc5 54. Bd5 Ke7 55. Ke2 f6 56. Kd3 Kd6 57. Bb7 (57.
e4 $142 {Threatens to win with Kc3.} Bf2 58. Bb3) 57... Ba7 (57... Kc7 $142 58.
e4 Kd6) 58. e4 Bg1 59. Kc4 Ke5 60. Kb5 (60. Bd5 $142 Bd4 61. Bf7) 60... Kd6 61.
Bc8 (61. Bd5 $142 Bd4 62. e5+ fxe5 {[#]} 63. f6 $1) 61... Bd4 62. Be6 $2 (62.
Kc4 Ke5 63. Be6) 62... Bg1 $2 (62... Kc7 63. Bd5 Kb8) 63. Bb3 Bf2 64. e5+ fxe5
65. f6 {[%cal Bf5f6,Bf6f7][%mdl 32] White mates.} e4 66. f7 Ke7 67. Kc6 Be3 68.
Kd5 {Weighted Error Value: White=0.20 (precise) /Black=0.29 (precise)} 1-0

[Event "7th Gashimov Memorial-Blitz 2021"]
[Site "Baku"]
[Date "2021.12.23"]
[Round "11"]
[White "Caruana, Fabiano"]
[Black "Navara, David"]
[Result "1-0"]
[WhiteElo "2792"]
[BlackElo "2697"]
[Annotator "TA"]
[PlyCount "111"]
[EventDate "2021.12.17"]
[EventType "tourn"]
[EventCountry "AZE"]
[SourceTitle "playchess.com"]
[Source "ChessBase"]
[SourceQuality "1"]

{[%evp 9,111,19,29,0,4,0,0,-3,41,24,31,21,45,41,69,61,128,121,140,140,113,84,
157,135,360,29,12,15,267,74,186,169,278,277,277,267,485,268,475,52,162,160,130,
84,90,84,166,136,124,117,167,73,86,81,140,107,100,112,110,56,65,35,307,292,266,
271,278,266,506,495,510,504,502,491,447,402,660,1153,1412,1359,29964,29964,
29964,29965,29964,29966,29966,29967,29976,29977,29978,29979,29979,29979,29978,
29976,29988,29981,29986,29987,29990,29988,29987,29988]} 1. e4 e5 2. Nf3 Nc6 3.
Bb5 Nf6 4. d3 Bc5 5. Bxc6 dxc6 6. Bg5 {C65: Ruy Lopez: Berlin Defence (3...Nf6)
, unusual lines and 4 0-0 Bc5.} Qd6 7. Nbd2 Be6 8. O-O {The position is equal.}
O-O-O (8... Nd7 $11) 9. Qe2 {[#]} Rdg8 $146 ({Predecessor:} 9... h6 10. Bh4 g5
11. Bg3 Nd7 12. Nb3 Bg4 13. h3 Bh5 14. d4 Bxf3 15. Qxf3 Bxd4 {1-0 (36) Kachev,
T-Couspeyre,T IECG email 2003}) 10. Rad1 Nh5 11. Nb3 Bb6 12. d4 Bxb3 (12... Bg4
$14) 13. dxe5 $16 (13. axb3 exd4 14. Nxd4 Qg6 $14) 13... Qe6 {...Bc4 is the
strong threat.} 14. axb3 (14. cxb3 f6 $14) 14... f6 15. Be3 Qg4 (15... fxe5
$142 16. c4 (16. Ng5 Qg6 $14) 16... a6) 16. Rfe1 {White is more active.} Qxe4
$2 (16... Re8 $16) 17. Bxb6 $2 ({Weaker is} 17. Qd2 Rd8 18. Qc1 Rxd1 19. Qxd1
Rd8 $14) ({White must play} 17. Nd2 $18 Qf5 18. g4) 17... Qxe2 $11 18. Rxe2
axb6 {[%mdl 8192]} (18... cxb6 $11 19. e6 Nf4) 19. g3 $2 (19. Re4 $1 $18 {
and the rest is easy.}) 19... fxe5 (19... Rd8 $16 20. Ra1 Kd7) 20. Nxe5 $18 {
Strongly threatening Ra1.} ({Don't do} 20. Rxe5 $6 Nf6 $14) 20... Rd8 (20...
Nf6 $142 21. Ra1 Kb8) 21. Ra1 {[%cal Ra1a8]} Kb8 {Prevents Ra8+.} 22. b4 Rd4 $2
(22... Rhg8 {might work better.} 23. Re3 c5) 23. Kg2 (23. Re3 $142 {Intending
Rea3 and mate.} Rhd8 24. Kg2) 23... Rhd8 $2 {[#]} (23... c5 24. c3 Rd5) 24. c3
$2 (24. Re3 $1 $18 {[%cal Re3a3] White threatens Rea3 and mate.} Rd1 25. Ra2)
24... Rd1 ({Better is} 24... Rd2 $1 $14 25. Rae1 Nf6) 25. Rxd1 Rxd1 {[%mdl
4096] Endgame KRN-KRN} 26. Nf3 (26. Ng4 $142) 26... Kc8 27. Nd4 Kd7 {Inhibits
Re7+.} (27... Nf6 $16) 28. f4 g6 29. Nf3 Ng7 (29... Rd5 $16) 30. g4 (30. Ng5
$18 {has better winning chances.}) 30... Ne6 $16 31. Kg3 c5 (31... Rd3 $142)
32. f5 gxf5 33. gxf5 Ng7 34. Kf4 (34. Kg4 $16 {aiming for f6.} Rd5 35. f6)
34... cxb4 35. f6 (35. cxb4 $5 {[%cal Rf5f6]} Rf1 36. Re3 $14) 35... Nh5+ {
[%mdl 8192] Black is now going downhill.} ({Black should try} 35... Ne6+ $14
36. Kg4 bxc3) 36. Kg5 $18 Nxf6 (36... Rd5+ $2 37. Ne5+ Ke6 {[#]} 38. f7 $1 $18
(38. Kxh5 Kxf6 39. cxb4 Rxe5+ 40. Rxe5 Kxe5 $18)) 37. Kxf6 {Hoping for Rd2+.
KRN-KR} Rf1 {White must now prevent ...bxc3.} 38. Re3 bxc3 $2 (38... b3 39. c4
Rf2 40. Rxb3 Kc6) 39. bxc3 c5 40. Kg7 h5 41. h4 b5 42. Kg6 Kc6 (42... Ra1 $142
43. Kxh5 Ra3 44. Ne5+ Kc7) 43. Kxh5 b4 44. cxb4 cxb4 45. Kg6 {White mates.} Rd1
46. h5 Rd6+ 47. Kg5 Kb5 48. h6 Ka4 49. h7 Rd8 {[#]} 50. Nd4 $1 {[%mdl 512]}
Rd5+ (50... Ka5 51. Re5+) 51. Kg6 Rd8 {[#]} 52. Kf7 $1 b5 (52... b3 53. Nxb3)
53. Nb3 Ka3 54. Nc5+ Ka2 55. Kg7 Rc8 56. h8=Q {Weighted Error Value: White=0.
53/Black=0.76} 1-0

[Event "7th Gashimov Memorial-Blitz 2021"]
[Site "Baku"]
[Date "2021.12.23"]
[Round "11"]
[White "Anand, Viswanathan"]
[Black "Karjakin, Sergey"]
[Result "1/2-1/2"]
[WhiteElo "2751"]
[BlackElo "2743"]
[Annotator "TA"]
[PlyCount "236"]
[EventDate "2021.12.17"]
[EventType "tourn"]
[EventCountry "AZE"]
[SourceTitle "playchess.com"]
[Source "ChessBase"]
[SourceQuality "1"]

{[%evp 10,236,35,37,33,19,31,25,33,27,31,18,31,26,25,20,25,19,23,16,23,0,22,12,
35,33,40,29,54,26,21,0,0,0,0,0,0,0,8,14,34,34,28,5,31,0,18,0,0,0,0,-20,0,-125,
-111,-117,-82,-105,-105,-106,-91,-100,-95,-106,-92,-434,-81,-90,-51,-45,-41,
-31,-52,-49,-9,-87,-89,-96,-74,-92,-89,-104,-99,-101,-83,-100,-92,-115,-115,
-115,-115,-115,-115,-115,-115,-115,-115,-115,-115,-115,-115,-115,-115,-115,-97,
-115,-115,-115,-115,-115,-115,-115,0,-115,-115,-115,-115,-115,-96,-96,-96,-96,
-96,-96,-96,-96,-96,-96,-57,-57,-57,-57,-77,-111,-111,-111,-57,-57,-75,-96,-96,
-96,-96,-96,-96,-96,-96,-96,-96,-96,-96,-96,-96,-96,-91,-91,-91,-91,-91,-91,
-91,-91,-91,-91,-8,-91,-91,-91,-8,-8,-8,-8,-8,-8,-8,-8,-8,-8,-8,-8,-8,-9,-9,-9,
-8,-9,-8,-8,-8,-8,-8,-8,-8,-8,-8,-8,-8,-8,-8,-8,-8,-8,-8,-8,-8,-8,-8,-8,-8,-8,
-8,-9,-8,-9,-8,-9,-9,-9,-9,-9,-8,-8,0,0,0,0,0,0,0]} 1. e4 Nf6 2. e5 Nd5 3. d4
d6 4. Nf3 dxe5 5. Nxe5 c6 6. Be2 Bf5 {B04: Alekhine's Defence: 4 Nf3.} 7. O-O (
7. a3 {with more complications.} Nd7 8. Nf3 e6 9. c4 N5f6 10. Nh4) 7... Nd7 8.
Bd3 Bxd3 {White has an edge.} 9. Qxd3 e6 10. Nf3 Be7 11. c4 N5f6 {[#]} 12. Nc3
$146 ({Predecessor:} 12. Re1 O-O 13. Nc3 c5 14. Be3 cxd4 15. Bxd4 Bc5 16. Rad1
Bxd4 17. Qxd4 Qb6 18. b3 {1-0 (50) Ostrovskiy,A (2470)-Plichta,K (2425) Chess.
com INT 2016}) 12... O-O 13. Qe2 Qa5 14. Rd1 Rfe8 15. Bf4 Rad8 (15... Qf5 $5 {
[%cal Rf5f4]} 16. Bg3 Nh5 $11) 16. a3 Nf8 17. Ne5 Ng6 18. Bg3 Bd6 19. c5 Bxe5
20. dxe5 (20. Bxe5 {seems wilder.} Nd5 21. Ne4 f6 22. Bd6 Nh4 23. Qc2) 20...
Rxd1+ $1 ({Resist} 20... Nd5 21. Ne4 $14) 21. Rxd1 Nd5 22. Ne4 Rf8 23. Qc2 h6
24. Nd6 b6 25. cxb6 Qxb6 26. b4 Nge7 27. Rc1 Qa6 28. Qb2 Rb8 29. Qb3 {Prevents
Qa4.} Qe2 {[%cal Oa7a5]} 30. Qd1 Nc3 $40 {[%mdl 128] Black is up to no good.}
31. Qb3 (31. Qd4 $11 Ned5 32. Qxa7) 31... Ned5 $17 {[%cal Oc6c5]} 32. h3 a5 33.
Kh2 axb4 34. axb4 Rxb4 35. Qa3 {[#]} Qb2 36. Qa8+ {[#]} Rb8 $1 ({Of course not
} 36... Kh7 $6 37. Re1 $11) 37. Qa7 {[%mdl 8192]} (37. Qa1 $17 {nothing else
works.}) 37... Rf8 $2 (37... Qxc1 $19 {is more deadly.} 38. Qxb8+ Kh7) 38. Ra1
Ne2 {Pair of Knights!} (38... c5 {is interesting.} 39. Ra5 Qb1 40. Ra1 Qb4 41.
Qd7 Nb6) 39. Ra2 {[#]} Qd4 40. Qxd4 Nxd4 {[%cal Be2d4,Bd4c6,Bc6e5,Be5g6,Bg6f4]
[%mdl 32]} 41. Ra4 c5 42. f3 (42. Ra5 $11 {remains equal.}) 42... Rb8 {
Strongly threatening ...Rb2.} 43. Bf2 Nc6 44. Bxc5 Nxe5 45. Ra2 h5 46. Ne4 Rc8
47. Bd6 Ng6 48. Rb2 h4 49. Rb8 Rxb8 50. Bxb8 {[%mdl 4096] Endgame KBN-KNN} f6
51. Kg1 e5 52. Ba7 Ngf4 53. Nd6 g5 54. Kh2 Ne2 {Prevents g3.} 55. Bc5 Kg7 56.
Nf5+ Kg6 57. Nd6 Ndf4 58. Be3 Nh5 59. Bb6 Nhg3 60. Bd8 Nh5 (60... Nf1+ $17 61.
Kh1 Ne3) 61. Ne4 (61. Bb6 $1 $11 {was the only way to keep the balance.}) 61...
Neg3 {Hoping for ...Nxe4.} 62. Nc3 Nf4 63. Kg1 Nfe2+ 64. Nxe2 Nxe2+ {KB-KN} 65.
Kf2 Nf4 66. Bc7 Kf7 67. Bd8 Nd5 68. Ba5 Ke7 69. g3 Kf7 70. Bd2 Kg6 71. Ba5
hxg3+ 72. Kxg3 Kh5 {Prevents h4.} (72... Ne7 $17 73. Bd2 Nf5+ 74. Kf2 Nd4) 73.
Bd8 $1 $15 f5 {[%cal Bf6f5,Bf5f4][%mdl 32]} 74. Ba5 f4+ 75. Kg2 Kg6 76. Bd8 Kf5
77. Kf2 Nc3 78. Ba5 Nb5 79. Bd8 Nd6 80. Be7 Nf7 81. Ba3 e4 82. fxe4+ Kxe4 83.
Be7 Kf5 84. Kg2 Ne5 85. Kf2 Kg6 86. Bd8 Kh5 (86... Nd7 $17) 87. Bf6 (87. Bc7
$11 {keeps the balance.}) 87... Nc4 $17 88. Bd8 Kh4 ({Black should play} 88...
Kg6 $17) 89. Be7 {The position is equal.} Nd2 90. Kg2 Ne4 91. Bd8 Nc3 92. Be7
Nd5 93. Bd8 Ne3+ 94. Kf3 Nf5 95. Kg2 Kh5 96. Kf3 Nh4+ 97. Ke4 Ng6 98. Bf6 Kh4
99. Kf5 {[%csl LRg5,LRg6] [#]} f3 $1 100. Bxg5+ Kxh3 {( -> ...f2)} (100... Kg3
$5 101. Be3 Nh8 $11) 101. Be3 Nh4+ 102. Ke4 Kg2 103. Bd4 Ng6 104. Bc5 Nf8 105.
Ba7 Ne6 106. Bb6 Ng5+ 107. Kf4 Nh3+ 108. Ke4 Nf2+ 109. Kf4 Nd3+ 110. Ke4 Nb2
111. Bd4 Nc4 112. Ba7 Nd2+ 113. Kd3 Nf1 114. Ke4 Nh2 115. Kf4 Kf1 116. Kg3 Ke2
117. Kxh2 f2 118. Bxf2 $1 Kxf2 {Weighted Error Value: White=0.25 (precise) /
Black=0.24 (precise)} 1/2-1/2

[Event "7th Gashimov Memorial-Blitz 2021"]
[Site "Baku"]
[Date "2021.12.23"]
[Round "11"]
[White "Mamedov, Rauf"]
[Black "Mamedyarov, Shakhriyar"]
[Result "1/2-1/2"]
[WhiteElo "2656"]
[BlackElo "2767"]
[Annotator "TA"]
[PlyCount "101"]
[EventDate "2021.12.17"]
[EventType "tourn"]
[EventCountry "AZE"]
[SourceTitle "playchess.com"]
[Source "ChessBase"]
[SourceQuality "1"]

{[%evp 13,101,17,15,-10,0,-10,-4,-22,0,-14,0,0,0,0,0,0,44,41,56,-62,-62,-77,
-70,-86,-86,-89,-81,-86,-113,-177,-184,-182,-179,-459,8,8,33,44,166,163,366,
335,582,500,442,411,420,269,278,290,430,418,602,525,525,514,510,182,167,17,15,
0,29989,960,5710,5248,4132,751,785,52,877,183,1625,0,0,0,1175,-230,-230,-256,
-256,-256,-256,-256,-228,-228,-220,-256,-256,-256]} 1. g3 f5 2. Bg2 Nf6 3. d3
e5 4. Nf3 Nc6 5. c4 Bc5 6. Nc3 O-O 7. O-O d6 8. Bg5 {A25: English Opening vs
King's Indian with ...Nc6 but without early d3.} h6 9. Bxf6 Qxf6 10. a3 {
The position is equal.} a5 11. Rb1 Be6 12. Nd2 Qf7 13. Nd5 Ba7 14. b4 axb4 (
14... f4 $11 {was preferrable.}) 15. axb4 $14 {[#]} f4 $146 {aiming for ...
fxg3.} ({Predecessor:} 15... Nd4 16. e3 Nb5 17. Ra1 c6 18. Ra5 Bxd5 19. Bxd5
cxd5 20. Rxb5 dxc4 21. dxc4 {½-½ (39) Schibuola,F (1623)-Sulis,G (1741) IECG
email 2006}) 16. Kh1 (16. e3 $1 $14) 16... Nd4 $36 {[%mdl 2048] White is under
pressure.} 17. b5 c6 18. Nc3 Qh5 19. b6 Bb8 20. Nf3 Bg4 21. Ne4 (21. Rb2 $17)
21... d5 $19 22. cxd5 cxd5 23. Nc5 (23. Nc3) 23... e4 $2 24. dxe4 $11 (24. Nxd4
$2 fxg3 25. fxg3 Bxg3 26. Rxf8+ Rxf8 $19) 24... fxg3 25. fxg3 Bxg3 26. Qxd4 $18
Rad8 (26... Rxf3 27. Qxd5+ Qxd5 28. exd5 Rxf1+ 29. Rxf1 Be5) 27. Qg1 (27. h3 $2
Bxh3 28. Kg1 Qg6 29. Bxh3 (29. Ng5 $2 Rxf1+ 30. Kxf1 Rf8+ 31. Kg1 Bf2+ 32. Qxf2
Qxg5 $19) 29... Be5+ 30. Bg2 Bxd4+ 31. Nxd4 Rxf1+ 32. Rxf1 dxe4 $19) 27... Bb8
$2 (27... dxe4 {is a better defense.} 28. Nxe4 (28. Nxb7 Rd5 $18) 28... Bb8)
28. exd5 Rxd5 29. Rbc1 Re8 30. Rfd1 Rxd1 31. Rxd1 Rxe2 (31... Bf4 $142) 32.
Rd8+ Kh7 (32... Kf7 $142 33. Qf1 (33. Rxb8 Bxf3 34. Rxb7+ Bxb7 $11) (33. Ng5+
hxg5 34. Rxb8 Bf3 $11) 33... Bxf3 34. Qxf3+ Qxf3 35. Bxf3 Rxh2+ 36. Kg1 Bg3 37.
Bxb7 Rb2 38. Bd5+ Kf6) 33. Qb1+ (33. Rxb8 $2 Bxf3 34. Qb1+ (34. Nxb7 Bxg2+ 35.
Qxg2 Re1+) 34... g6 $19) 33... Bf5 34. Qd1 (34. Qb3 $2 Re1+ $3 {[%mdl 512]})
34... Rb2 {And now ...Rb1 would win.} 35. Rxb8 $2 (35. Nd3 Rxg2 36. Kxg2 Qh3+
37. Kf2 Bxh2 38. Ke3) 35... Rb1 {[#]} 36. Qxb1 (36. Qg1 $1 $18) 36... Bxb1 $11
37. Ne6 (37. Nxb7 Be4 38. Ng5+ Kg6 39. Bxe4+ Kxg5 $19) 37... Qc5 $2 {[%mdl
8192]} 38. Rxb7 (38. Nxc5 $142 g5 39. Rxb7+ Kg6 40. Ne5+ Kf6 41. Rf7+ Kxe5 42.
b7 Bg6 43. b8=Q+ Kd4 44. Qb4+ Ke3 45. Re7+ Be4 46. Rxe4+ Kf2 47. Qe1#) 38...
Qc1+ 39. Ng1 Kg6 40. Bd5 (40. Rxg7+ $142 Kf6 41. b7 $1) 40... Kf6 41. Ra7 $2 (
41. Rc7 $18 Qb2 42. Nc5) 41... Qd2 {[%mdl 8192] [#]} (41... Qe3 $14 42. Nf3
Qxb6) 42. Bg2 $2 ({Less strong is} 42. Nc7 Qb4 $18) (42. Nf4 $1 {[%mdl 512]
Rf7+ would kill now.} Bg6 (42... Be4+ 43. Bxe4) 43. b7 $1 Qxf4 44. Ra6+ Kf5 45.
Ra8) 42... Bf5 $2 (42... Kxe6 $2 43. b7 Qb2 44. Bf3 $18) (42... Qe3 43. Nc5
Qxc5) 43. Nf3 $2 Qd1+ 44. Ng1 Bxe6 $4 {[%mdl 8192]} (44... Qd2 $11) 45. Ra3 $4
{[%mdl 8192] [#]} (45. b7 $18 {was the only winning move.} Qb3 46. Ra8) 45...
Bd5 $1 $19 46. Bxd5 Qxd5+ 47. Rf3+ Kg6 48. Kg2 Qb7 49. h3 Qxb6 50. Ne2 Qb2 51.
Kf1 {[%mdl 32768] Weighted Error Value: White=0.73/Black=0.85. An unexpected
result.} 1/2-1/2

[Event "7th Gashimov Memorial-Blitz 2021"]
[Site "Baku"]
[Date "2021.12.23"]
[Round "11"]
[White "Asadli, Vugar"]
[Black "Rapport, Richard"]
[Result "1/2-1/2"]
[WhiteElo "2579"]
[BlackElo "2763"]
[Annotator "TA"]
[PlyCount "71"]
[EventDate "2021.12.17"]
[EventType "tourn"]
[EventCountry "AZE"]
[SourceTitle "playchess.com"]
[Source "ChessBase"]
[SourceQuality "1"]

{[%evp 14,71,34,22,40,-8,0,0,0,0,0,-16,-16,-17,-19,-21,0,-19,0,-1,0,-12,0,-46,
-36,-52,-22,-78,-83,-77,31,24,85,75,103,61,62,63,61,61,61,56,56,45,45,45,45,45,
45,45,45,45,45,45,56,56,56,56,59,59]} 1. e4 e6 2. d4 d5 3. e5 c5 4. c3 Nc6 5.
Nf3 Bd7 6. Be2 Nge7 7. O-O Ng6 8. Be3 Be7 {C02: French: Advance Variation.} 9.
Bd3 (9. g3 $14) 9... Qc7 {[#]} 10. Re1 $146 ({Predecessor:} 10. g3 cxd4 11.
cxd4 Nb4 12. Nc3 Nxd3 13. Qxd3 Rc8 14. h4 Qb6 15. Rab1 h6 16. a3 {0-1 (44)
Baumgartl,H (1908)-Urankar,H (2167) Bayern 2010}) 10... cxd4 {The position is
equal.} 11. cxd4 Nb4 $1 12. Nc3 Nxd3 13. Qxd3 h6 14. g3 Qb6 15. Rab1 Rc8 16. h4
Bd8 17. Nd2 Ne7 18. b4 (18. Nb3 $11) 18... Nf5 $15 19. Rec1 O-O 20. b5 (20. Nb3
$11) 20... Be7 $17 21. a4 a5 (21... a6 $17) 22. Ne2 $14 f6 (22... Rc7 $11 {
keeps the balance.}) 23. Nf3 $16 Nxe3 {[#]} 24. Qxe3 (24. exf6 $1 $16 {
Strongly threatening Ne5.} Bxf6 25. Qxe3) 24... f5 {White is slightly better.}
25. Nf4 Rxc1+ 26. Rxc1 {Threatens to win with Ng6.} ({Much weaker is} 26. Qxc1
Rc8 27. Qd1 Qc7 $11) 26... Rc8 $1 27. Rxc8+ Bxc8 28. Qc3 {To avoid Qc7} Bd7 29.
Nd3 {Pair of Knights!} Kf7 30. Kf1 Qd8 31. h5 b6 32. Nf4 $1 Bb4 33. Qc2 {
[%cal Og3g4]} Kg8 34. Nh4 Qc8 35. Qxc8+ Bxc8 36. Ke2 {Weighted Error Value:
White=0.13 (very precise) /Black=0.14 (very precise)} 1/2-1/2

[Event "7th Gashimov Memorial-Blitz 2021"]
[Site "Baku"]
[Date "2021.12.23"]
[Round "12"]
[White "Mamedyarov, Shakhriyar"]
[Black "Anand, Viswanathan"]
[Result "1/2-1/2"]
[WhiteElo "2767"]
[BlackElo "2751"]
[Annotator "TA"]
[PlyCount "37"]
[EventDate "2021.12.17"]
[EventType "tourn"]
[EventCountry "AZE"]
[SourceTitle "playchess.com"]
[Source "ChessBase"]
[SourceQuality "1"]

{[%evp 13,37,21,22,15,14,11,14,15,14,12,50,42,32,34,37,35,102,39,41,35,25,30,
47,54,51,50]} 1. d4 Nf6 2. c4 e6 3. Nc3 Bb4 4. Qc2 d5 5. cxd5 exd5 6. Bg5 h6 7.
Bh4 {The main line 7.Bh4 scores better than 7.Bxf6.} O-O 8. e3 {E35:
Nimzo-Indian: Classical: 4...d5 5 cxd5 exd5.} c5 (8... Re8 9. Nge2 c5 10. dxc5
Nbd7 11. O-O-O g5 12. Bg3 Nxc5 13. h4 g4 14. Bf4 Nce4 15. Ng3 Bxc3 16. bxc3
Nxg3 17. fxg3 Bd7 18. Rd4 Rc8 19. Bd3 Qa5 {0-1 (27) Mamedyarov,S (2772)-Anand,
V (2757) Bucharest 2019}) 9. dxc5 Be6 10. Nf3 {[%cal Bg1f3,Bf3d4,Bd4c2][%mdl
32] The position is equal.} Nbd7 11. Be2 Qa5 {[%cal Oe6f5]} 12. O-O Bxc3 13.
bxc3 {[%cal Oc5c6,Bb2c3,Bc3c4,Bc4d5][%mdl 32] [#]} Qxc5 $5 $146 {[%mdl 8] An
interesting novelty.} ({Predecessor:} 13... Rfc8 14. Rab1 Ne4 15. Rfc1 Rxc5 16.
c4 Nd6 17. Nd4 dxc4 18. Be7 Qc7 19. Nxe6 fxe6 {1-0 (54) Le,Q (2697)-Lenderman,
A (2623) Las Vegas 2015}) 14. Nd4 Rac8 (14... Qe7 $14) 15. Rfc1 {White is more
active.} (15. Rfb1 $16) 15... Ne4 $14 {[%cal Rc5c3]} 16. c4 Nb6 {Inhibits Qa4.}
17. f3 Ng5 {[%cal Rb6c4]} 18. cxd5 Qxc2 19. Nxc2 {Weighted Error Value:
White=0.08 (flawless) /Black=0.10 (very precise)} 1/2-1/2

[Event "7th Gashimov Memorial-Blitz 2021"]
[Site "Baku"]
[Date "2021.12.23"]
[Round "12"]
[White "Rapport, Richard"]
[Black "Mamedov, Rauf"]
[Result "0-1"]
[WhiteElo "2763"]
[BlackElo "2656"]
[Annotator "TA"]
[PlyCount "114"]
[EventDate "2021.12.17"]
[EventType "tourn"]
[EventCountry "AZE"]
[SourceTitle "playchess.com"]
[Source "ChessBase"]
[SourceQuality "1"]

{[%evp 9,114,-17,-1,0,0,-12,-6,-3,-11,-5,0,-8,-4,-17,-16,-11,2,0,0,0,0,0,0,0,0,
0,0,-1,0,0,41,45,33,0,0,0,14,14,14,0,0,0,0,0,0,0,0,0,0,-2,-2,-2,0,0,0,0,0,0,0,
0,0,0,0,0,0,-6,0,-6,-6,-14,-23,-683,-605,-1166,-1065,-1371,-1299,-2436,-966,
-770,-616,-915,-837,-904,-886,-828,-833,-914,-997,-1184,-1187,-1032,-897,-854,
-892,-12840,-12841,-12843,-12844,-12845,-12845,-12847,-12847,-12850,-12850,
-12850,-27999]} 1. e4 c5 2. Nf3 Nc6 3. Nc3 g6 4. Bc4 Bg7 5. a3 d6 6. d3 {
B30: Sicilian: 2...Nc6 3 Bb5, lines without ...g6.} Nf6 7. h3 O-O 8. Ba2 {
The position is equal.} Rb8 9. O-O b5 10. Re1 Nd7 {[#]} 11. Nd5 $146 ({
Predecessor:} 11. Rb1 c4 12. Bd2 b4 13. Nd5 b3 14. cxb3 cxd3 15. b4 e6 16. Bg5
f6 17. Nf4 fxg5 18. Nxe6 {0-1 (31) Ansell,S (2381)-Shulman,Y (2624) Reykjavik
2010}) 11... e6 12. Bg5 Nf6 13. Nxf6+ Bxf6 14. Bxf6 Qxf6 15. c3 Ne5 16. Nh2 c4
17. Ng4 Nxg4 18. Qxg4 d5 19. Qg3 Bd7 (19... Bb7 $11) 20. Qc7 $14 {[%csl LRa7,
LRd7]} Rfd8 21. e5 Qg5 {[%cal Od5d4]} 22. Qxa7 Qd2 23. Rab1 Qxd3 ({Don't play} 
23... cxd3 24. Red1 Qe2 25. Qd4 $16) 24. Qe3 Qxe3 25. fxe3 f6 26. exf6 Kf7 27.
Rf1 e5 28. Rbd1 Bf5 29. Bb1 Bxb1 30. Rxb1 $11 {[%mdl 4096] Endgame KRR-KRR} Rb6
31. b3 Ra8 32. bxc4 dxc4 33. Rbd1 Rxf6 34. Rd7+ $1 Ke6 35. Rfd1 Kf5 {Threatens
to win with ...Ke4.} (35... Rxa3 $2 36. R1d6+ Kf5 37. e4+ Kxe4 38. Rxf6 $18)
36. Rf1+ Ke6 37. Rfd1 Kf5 {Hoping for ...Ke4.} (37... Rxa3 $2 38. R1d6+ Kf5 39.
e4+ Kxe4 40. Rxf6 $18) 38. Re7 Raa6 (38... Rxa3 $2 39. Rf1+ Ke4 40. Rxf6 $18)
39. Kf2 $1 Rxa3 {[#] aiming for ...Ke4+.} 40. g4+ $2 {[%mdl 8192] White does
not recover from this.} (40. Kf3 $11) 40... Ke4+ $19 {Black is clearly winning.
} 41. Kg3 {White threatens Rd4+ and mate.} Rxc3 42. Kh4 Rxe3 {...h6 is the
strong threat.} 43. Rb1 Rb3 44. Re1+ Kd4 {And now ...h6 would win.} 45. R7xe5
h6 {Strongly threatening ...g5+.} 46. R5e4+ Kc5 {( -> ...g5+)} 47. g5 hxg5+ 48.
Kxg5 Rf2 {White must now prevent ...c3.} 49. h4 Rg3+ 50. Kh6 Rfg2 51. Re5+ Kb4
52. Rg5 Rxg5 53. hxg5 c3 {[%cal Bc4c3,Bc3c2][%mdl 32]} 54. Re6 c2 55. Rc6 Kb3
56. Kxg6 Kb2 57. Rb6 {[#]} Rxg5+ $3 {[%mdl 512] Weighted Error Value: White=0.
55/Black=0.15 (very precise)} 0-1